बृहत् अह्ग्रेज़ी-हिंदी रसायन विज्ञान कोश / (Record no. 119862)

MARC details
000 -LEADER
fixed length control field 01096nam a22002297a 4500
005 - DATE AND TIME OF LATEST TRANSACTION
control field 20170124103149.0
010 ## - LIBRARY OF CONGRESS CONTROL NUMBER
LC control number B-179386
020 ## - INTERNATIONAL STANDARD BOOK NUMBER
Terms of availability 400.00
International Standard Book Number 8188525103
035 ## - SYSTEM CONTROL NUMBER
System control number B-179386
037 ## - SOURCE OF ACQUISITION
Source of stock number/acquisition Cen Lib/Ret
040 ## - CATALOGING SOURCE
Original cataloging agency DPL
Language of cataloging HN
082 ## - DEWEY DECIMAL CLASSIFICATION NUMBER
Classification number 540.3
Item number बृहत्
245 ## - TITLE STATEMENT
Title बृहत् अह्ग्रेज़ी-हिंदी रसायन विज्ञान कोश /
Statement of responsibility, etc संपादक गोपाल कृष्ण शेवड़े
246 ## - VARYING FORM OF TITLE
Title proper/short title Brihat angrezi hindi rasayan vigyaan kosh /
Remainder of title sampadak Gopal Krishn Sheved
260 ## - PUBLICATION, DISTRIBUTION, ETC. (IMPRINT)
Place of publication, distribution, etc दिल्ली
Name of publisher, distributor, etc परशुराम हिंदी संस्थान
Date of publication, distribution, etc 2004
270 ## - ADDRESS
City दिल्ली
Address सी-9/96, यमुना विहार
Postal code 110053
300 ## - PHYSICAL DESCRIPTION
Extent 317पृ.
Dimensions 20सेमी(सजिल्द )
650 ## - SUBJECT ADDED ENTRY--TOPICAL TERM
Topical term or geographic name as entry element रसायन विज्ञान--शब्दकोष
General subdivision
Geographic subdivision
9 (RLIN) 75465
650 ## - SUBJECT ADDED ENTRY--TOPICAL TERM
Topical term or geographic name as entry element Chemistry - Glossary
9 (RLIN) 87240
700 ## - ADDED ENTRY--PERSONAL NAME
Personal name शेवड़े, गोपाल कृष्ण
9 (RLIN) 111466
942 ## - ADDED ENTRY ELEMENTS (KOHA)
Source of classification or shelving scheme Dewey Decimal Classification
Koha item type Hindi Books
Classification part 540.3
Call number suffix बृहत्
Holdings
Withdrawn status Lost status Damaged status Not for loan Home library Current library Date acquired Source of acquisition Cost, normal purchase price Total Checkouts Full call number Barcode Date last seen Copy number Cost, replacement price Price effective from Koha item type
        Central Library Central Library 19/09/2015 Cen Lib/Ref 400.00   540.3 बृहत् B-179386 19/09/2015 1 400.00 19/09/2015 Hindi Books

© Delhi Public Library
Hit Counter
free hit counter